00653nam a2200193Ia 4500003000900000008004100009040001600050080001500066110004900081245008600130260005200216300000900268650004100277650001600318650001200334942000700346999001500353952009100368IN-BaIIA211028s9999 xx 000 0 eng d cIIA Library a551.5bUSA aUnited States.. Armed Forces Institute93352 0aWeather and climatecUnited States Armed Forces Institute  aWisconsinbUnited States Armed Forces Institute a66p. aAstronomy and Astrophysics Thesaurus aClimatology aWeather cBK c1699d1699 00104070aBANbKODcGENd0000-00-00l0o551.5/ USAp1863r2021-11-05w0000-00-00yBK